Planeta humano
Miniserie documental de la BBC que consta de ocho episodios. Como todas las especies, el hombre se ha adaptado a todo tipo de entornos naturales... y también los ha cambiado. Cada episodio examina cómo cambian nuestra relación con la naturaleza desde el desierto a las junglas, los océanos y el mismo...
Guardado en:
| Autor Principal: | |
|---|---|
| Autores Corporativos: | , , |
| Otros Autores: | |
| Formato: | |
| Idioma: | Undetermined |
| Publicado: |
Reino Unido,
2011.
|
| Series: | Parte 2
|
| Materias: | |
| Etiquetas: |
Agregar Etiqueta
Sin Etiquetas, Sea el primero en etiquetar este registro!
|
| LEADER | 01569ngm a22003615a 4500 | ||
|---|---|---|---|
| 001 | CEM.cems019827 | ||
| 008 | 221026s2011####xx#---############vlund#d | ||
| 005 | 20221114194714.0 | ||
| 245 | 1 | 0 | |a Planeta humano |h [videograbación] / |c Nicolas Brown, Mark Flowers, Tom Hugh-Jones, Tuppence Stone. |
| 260 | |a Reino Unido, |c 2011. | ||
| 300 | |a 50'. | ||
| 490 | 1 | |a Parte 2 | |
| 505 | 0 | |a 05. Montañas -- 06. Praderas -- 07. Ríos -- 08. Urbes -- Duración aproximada por capítulo 50 minutos. Duración total aproximada: 3 horas 20 minutos | |
| 520 | |a Miniserie documental de la BBC que consta de ocho episodios. Como todas las especies, el hombre se ha adaptado a todo tipo de entornos naturales... y también los ha cambiado. Cada episodio examina cómo cambian nuestra relación con la naturaleza desde el desierto a las junglas, los océanos y el mismo continente helado. (FILMAFFINITY). | ||
| 590 | |a Identificación anterior: D 216 B | ||
| 538 | |a Soporte: DVD -- Formato: MPG -- Peso: 3.12gb -- Resolución: 352 x 288 -- 25fps | ||
| 500 | |a Human Planet. | ||
| 100 | 1 | |a Brown, Nicolás. | |
| 700 | 1 | |a Sawhney, Nitin ; Música. | |
| 710 | 2 | |a Discovery Channel. | |
| 710 | 2 | |a France Télévisions. | |
| 710 | 2 | |a BBC. | |
| 653 | |a NATURALEZA | ||
| 653 | |a PLANETA TIERRA | ||
| 653 | |a SER HUMANO | ||
| 653 | |a OCÉANOS | ||
| 653 | |a DESIERTO | ||
| 653 | |a ÁRTICO | ||
| 653 | |a JUNGLAS | ||
| 653 | |a CIENCIAS NATURALES | ||
| 653 | |a ADAPTACIÓN | ||
| 653 | |a SUPERVIVENCIA | ||
| 859 | |a CEMS |b BIB. CEMS - Depto. Recursos Didacticos |h 574 |i BRO-1 |k DRD |p 2917.22 |t Ej.1 | ||
